[Event "NSV Open-ch Rapid 2019"]
[Site "Lueneburg"]
[Date "2019.08.03"]
[Round "4.15"]
[White "Langer, Michael S."]
[Black "Guo, Philipp Ziming"]
[Result "1-0"]
[WhiteElo "1911"]
[BlackElo "1728"]
[Annotator "NA RC"]
[PlyCount "75"]
[EventDate "2019.08.03"]
[EventType "swiss"]
[EventCountry "GER"]
[SourceTitle "playchess.com"]
[Source "ChessBase"]
[SourceQuality "1"]
[TimeControl "600+5"]

1. Nf3 {[%emt 0:00:00]} d5 {[%emt 0:00:00]} 2. e3 {[%emt 0:00:00]} Nf6 {[%emt 0:00:02]} 3. c4 {[%emt 0:00:00]} e6 {[%emt 0:00:04]} 4. Nc3 {[%emt 0:00:02]} c6 {[%emt 0:00:01]} 5. b3 {[%emt 0:00:03]} Bd6 {[%emt 0:00:04]} 6. Bb2 {[%emt 0:00:02]} Nbd7 {[%emt 0:00:02]} 7. Qc2 {[%emt 0:00:02]} O-O {[%emt 0:00:04]} 8. Be2 {[%emt 0:00:01]} b6 {[%emt 0:00:02]} 9. Rg1 {[%emt 0:00:02]} Bb7 {[%emt 0:00:12]} 10. g4 {[%emt 0:00:02]} Kh8 {[%emt 0:00:03]} 11. g5 {[%emt 0:00:21]} Ng8 {[%emt 0:00:07]} 12. h4 {[%emt 0:00:21]} dxc4 {[%emt 0:00:07]} 13. Bxc4 {[%emt 0:00:12]} c5 {[%emt 0:00:02]} 14. Be2 {[%emt 0:00:14]} Ne5 {[%emt 0:00:08]} 15. Nxe5 {[%emt 0:00:53]} Bxe5 {[%emt 0:00:02]} 16. f4 {[%emt 0:00:13]} Bd6 {[%emt 0:00:03]} 17. h5 {[%emt 0:01:04]} h6 {[%emt 0:00:54]} 18. Ne4 {[%emt 0:00:45]} f6 {[%emt 0:02:52]} 19. gxf6 {[%emt 0:00:42]} Nxf6 {[%emt 0:00:05]} 20. Nxf6 {[%emt 0:00:15]} Rxf6 {[%emt 0:00:14]} 21. Bxf6 {[%emt 0:02:02]} Qxf6 {[%emt 0:00:02]} 22. O-O-O {[%emt 0:00:48]} c4 {[%emt 0:00:42]} 23. bxc4 {[%emt 0:00:26]} Qa1+ {[%emt 0:00:09]} 24. Qb1 {[%emt 0:00:01]} Ba3+ {[%emt 0:00:35]} 25. Kc2 {[%emt 0:00:08]} Qf6 {[%emt 0:00:32]} 26. Qb3 {[%emt 0:00:38]} Bc5 {[%emt 0:00:10]} 27. Qc3 {[%emt 0:00:33]} Qe7 {[%emt 0:00:36]} 28. Bd3 {[%emt 0:01:20]} Bc6 {[%emt 0:00:26]} 29. Kb1 {[%emt 0:00:29]} Bb4 {[%emt 0:00:51]} 30. Qb2 {[%emt 0:00:07]} Ba3 {[%emt 0:00:08]} 31. Qb3 {[%emt 0:00:07]} Rd8 {[%emt 0:00:26]} 32. Bc2 {[%emt 0:00:01]} Be8 {[%emt 0:00:31]} 33. Bg6 {[%emt 0:00:22]} Bc6 {[%emt 0:00:37]} 34. d4 {[%emt 0:00:14]} Bf3 {[%emt 0:00:54]} 35. Rdf1 {[%emt 0:00:08]} Bc6 {[%emt 0:00:12]} 36. Bc2 {[%emt 0:00:06]} Rb8 {[%emt 0:00:33]} 37. Qd3 {[%emt 0:00:03]} Qb4+ {[%emt 0:00:15]} 38. Qb3 {[%emt 0:00:12]} 1-0

[Event "NSV Open-ch Rapid 2019"]
[Site "Lueneburg"]
[Date "2019.08.03"]
[Round "4.16"]
[White "Dralle, Hannes"]
[Black "Reimers, Achim"]
[Result "0-1"]
[WhiteElo "1732"]
[BlackElo "1975"]
[Annotator "NA RC"]
[PlyCount "63"]
[EventDate "2019.08.03"]
[EventType "swiss"]
[EventCountry "GER"]
[SourceTitle "playchess.com"]
[Source "ChessBase"]
[SourceQuality "1"]
[TimeControl "600+5"]

1. e4 {[%emt 0:00:00]} d5 {[%emt 0:00:00]} 2. exd5 {[%emt 0:00:02]} Qxd5 {[%emt 0:00:00]} 3. Nc3 {[%emt 0:00:01]} Qd8 {[%emt 0:00:00]} 4. Bc4 {[%emt 0:00:07]} Nf6 {[%emt 0:00:02]} 5. d4 {[%emt 0:00:02]} c6 {[%emt 0:00:06]} 6. Nf3 {[%emt 0:00:04]} e6 {[%emt 0:00:10]} 7. a4 {[%emt 0:00:27]} Be7 {[%emt 0:00:05]} 8. O-O {[%emt 0:00:16]} O-O {[%emt 0:00:04]} 9. Ne5 {[%emt 0:00:24]} Nbd7 {[%emt 0:00:03]} 10. f4 {[%emt 0:00:10]} Nd5 {[%emt 0:00:05]} 11. Ne4 {[%emt 0:00:39]} N7f6 {[%emt 0:00:04]} 12. Ng3 {[%emt 0:00:21]} Qc7 {[%emt 0:00:10]} 13. f5 {[%emt 0:00:40]} exf5 {[%emt 0:00:16]} 14. Nxf5 {[%emt 0:00:11]} Bxf5 {[%emt 0:00:59]} 15. Rxf5 {[%emt 0:00:01]} Bd6 {[%emt 0:00:10]} 16. Qf3 {[%emt 0:00:26]} Rae8 {[%emt 0:00:25]} 17. g3 {[%emt 0:01:45]} Bxe5 {[%emt 0:00:28]} 18. dxe5 {[%emt 0:00:10]} Rxe5 {[%emt 0:00:08]} 19. Bd3 {[%emt 0:00:40]} Rxf5 {[%emt 0:00:24]} 20. Qxf5 {[%emt 0:00:07]} Re8 {[%emt 0:00:55]} 21. Bg5 {[%emt 0:00:37]} Qb6+ {[%emt 0:00:11]} 22. Kh1 {[%emt 0:00:17]} Qxb2 {[%emt 0:00:07]} 23. Rf1 {[%emt 0:01:43]} h6 {[%emt 0:00:17]} 24. Bd2 {[%emt 0:00:36]} Qe5 {[%emt 0:01:13]} 25. Qf3 {[%emt 0:00:03]} a6 {[%emt 0:00:31]} 26. c4 {[%emt 0:00:09]} Nb6 {[%emt 0:00:25]} 27. Re1 {[%emt 0:00:18]} Qb8 {[%emt 0:00:06]} 28. Rf1 {[%emt 0:00:40]} Nbd7 {[%emt 0:00:19]} 29. Qf5 {[%emt 0:00:41]} Qe5 {[%emt 0:00:22]} 30. Qf3 {[%emt 0:00:07]} Qd4 {[%emt 0:00:13]} 31. h3 {[%emt 0:00:25]} Ne5 {[%emt 0:00:12]} 32. Bc3 {[%emt 0:00:31]} 0-1

[Event "NSV Open-ch Rapid 2019"]
[Site "Lueneburg"]
[Date "2019.08.03"]
[Round "4.18"]
[White "Wirries, Frank-Michael"]
[Black "Mundt, Alexandra"]
[Result "1-0"]
[WhiteElo "1858"]
[BlackElo "1756"]
[Annotator "NA RC"]
[PlyCount "91"]
[EventDate "2019.08.03"]
[EventType "swiss"]
[EventCountry "GER"]
[SourceTitle "playchess.com"]
[Source "ChessBase"]
[SourceQuality "1"]
[TimeControl "600+5"]

1. e4 {[%emt 0:00:00]} Nf6 {[%emt 0:00:00]} 2. e5 {[%emt 0:00:00]} Nd5 {[%emt 0:00:00]} 3. d4 {[%emt 0:00:01]} d6 {[%emt 0:00:00]} 4. c4 {[%emt 0:00:01]} Nb6 {[%emt 0:00:01]} 5. exd6 {[%emt 0:00:10]} cxd6 {[%emt 0:00:01]} 6. Nc3 {[%emt 0:00:04]} Nc6 {[%emt 0:00:06]} 7. Be3 {[%emt 0:00:13]} g6 {[%emt 0:00:03]} 8. d5 {[%emt 0:01:17]} Ne5 {[%emt 0:00:06]} 9. Bd4 {[%emt 0:00:01]} Rg8 {[%emt 0:00:58]} 10. Bxe5 {[%emt 0:00:39]} dxe5 {[%emt 0:00:02]} 11. Bd3 {[%emt 0:00:17]} Bg7 {[%emt 0:00:09]} 12. Qe2 {[%emt 0:00:16]} e6 {[%emt 0:00:30]} 13. Nf3 {[%emt 0:00:43]} f6 {[%emt 0:01:13]} 14. Rd1 {[%emt 0:00:33]} Kf7 {[%emt 0:00:38]} 15. dxe6+ {[%emt 0:00:13]} Bxe6 {[%emt 0:00:01]} 16. Bxg6+ {[%emt 0:00:02]} hxg6 {[%emt 0:00:05]} 17. Rxd8 {[%emt 0:00:02]} Raxd8 {[%emt 0:00:03]} 18. b3 {[%emt 0:00:35]} Bf8 {[%emt 0:00:13]} 19. O-O {[%emt 0:00:20]} Bb4 {[%emt 0:01:17]} 20. Ne4 {[%emt 0:00:06]} Rd7 {[%emt 0:00:03]} 21. Rd1 {[%emt 0:00:47]} Rgd8 {[%emt 0:00:04]} 22. Rxd7+ {[%emt 0:00:02]} Rxd7 {[%emt 0:00:01]} 23. h3 {[%emt 0:00:05]} Kg7 {[%emt 0:00:37]} 24. g4 {[%emt 0:00:44]} Nc8 {[%emt 0:00:40]} 25. c5 {[%emt 0:00:16]} Ne7 {[%emt 0:00:45]} 26. g5 {[%emt 0:00:22]} f5 {[%emt 0:01:24]} 27. Nf6 {[%emt 0:00:04]} Rd8 {[%emt 0:00:21]} 28. Qxe5 {[%emt 0:00:10]} Rd1+ {[%emt 0:00:25]} 29. Kg2 {[%emt 0:00:02]} Kf7 {[%emt 0:00:03]} 30. Qe2 {[%emt 0:00:26]} Rd8 {[%emt 0:00:11]} 31. Ne5+ {[%emt 0:00:01]} Kg7 {[%emt 0:00:19]} 32. Qb5 {[%emt 0:00:15]} Ba3 {[%emt 0:00:59]} 33. Qxb7 {[%emt 0:00:53]} Bxc5 {[%emt 0:00:01]} 34. Nc6 {[%emt 0:00:19]} Rd7 {[%emt 0:01:16]} 35. Ne8+ {[%emt 0:00:54]} Kf8 {[%emt 0:00:12]} 36. Qb8 {[%emt 0:00:08]} Bd5+ {[%emt 0:00:01]} 37. f3 {[%emt 0:00:13]} Bd6 {[%emt 0:00:09]} 38. Nc7+ {[%emt 0:00:10]} Kg7 {[%emt 0:00:03]} 39. Nxe7 {[%emt 0:00:19]} Bxc7 {[%emt 0:00:05]} 40. Qe8 {[%emt 0:00:26]} Be6 {[%emt 0:00:07]} 41. Qxg6+ {[%emt 0:00:05]} Kf8 {[%emt 0:00:01]} 42. Qxe6 {[%emt 0:00:10]} Rd2+ {[%emt 0:00:01]} 43. Kf1 {[%emt 0:00:05]} Rd1+ {[%emt 0:00:06]} 44. Ke2 {[%emt 0:00:10]} Rh1 {[%emt 0:00:04]} 45. Ng6+ {[%emt 0:00:13]} Kg7 {[%emt 0:00:03]} 46. Qf6+ {[%emt 0:00:05]} 1-0

[Event "NSV Open-ch Rapid 2019"]
[Site "Lueneburg"]
[Date "2019.08.03"]
[Round "4.19"]
[White "Britsch, Benjamin"]
[Black "Martinez Martin, David"]
[Result "0-1"]
[WhiteElo "1835"]
[BlackElo "2388"]
[Annotator "TA"]
[PlyCount "46"]
[EventDate "2019.08.03"]
[EventType "swiss"]
[EventCountry "GER"]
[SourceTitle "playchess.com"]
[Source "ChessBase"]
[SourceQuality "1"]

{[%evp 10,56,36,47,45,-124,-127,-122,-117,-122,-71,-141,-110,-196,33,-51,0,-116,-115,-108,274,-20,71,-125,-61,-81,-22,-730,-309,-887,-887,-891,-285,-839,-247,-925,-418,-1953,-1580,-29967,-9447,-5822,-5917,-2260,-2009,-29994,-29994,-29995,-1034]} 1. d4 Nf6 2. Bg5 g6 3. c4 Bg7 4. Nc3 d6 5. e4 O-O 6. Qd2 Nc6 {E70: King's Indian: Miscellaneous lines with 4 e4, including 5 Nge2 and 5 Bd3 0-0 6 Nge2} 7. Bh6 $146 (7. Nf3 $14 {stays ahead.}) ({Predecessor:} 7. d5 Ne5 8. f4 Ned7 9. Nf3 a6 10. Bd3 h6 11. Bh4 Qe8 12. O-O e5 13. dxe6 fxe6 14. e5 dxe5 15. Nxe5 Nxe5 16. fxe5 {1-0 (28) Milov,V (2645)-Barcenilla,R (2507) Phoenix 2005}) 7... Bxh6 $17 8. Qxh6 Nxd4 {Black is better.} 9. O-O-O c5 (9... e5 $142 10. h3 Be6) 10. f3 ({Better is} 10. Nf3) 10... a6 11. Nh3 (11. h4 $17) 11... Ne6 $2 {[#]} (11... Bxh3 $1 $19 12. Qxh3 Qa5) 12. Nd5 (12. e5 $1 $14 {[%mdl 512]} Ne8 (12... dxe5 13. Rxd8) 13. Bd3) 12... b5 ({Black should try} 12... Nd7 $15) 13. f4 (13. e5 $1 $11 Ne8 14. Ng5 Nxg5 15. Qxg5) 13... Ng4 $36 {[%mdl 2048] Black is really pushing.} 14. Qh4 Ng7 $2 {[%mdl 8192]} (14... Nf6 15. f5 $15) (14... Nd4 $1 $17 {stays on course. White must now prevent ...e6.} 15. Qxe7 Be6 16. Qxd8 Raxd8) 15. Qxe7 $2 (15. Nxe7+ $18 Kh8 16. Ng5 (16. cxb5 h5 $11)) 15... bxc4 (15... Be6 $11 {keeps the balance.}) 16. e5 $2 {[#]} (16. Qxd8 $16 {keeps the pressure on. Threatening mate with Ne7+.} Rxd8 17. Bxc4) 16... Be6 (16... Qa5 $1 $17 17. Bxc4 (17. Qxd6 Nf5 $17) 17... Nf5) 17. Qxd6 Qa5 (17... c3 $17 18. Qxc5 cxb2+ 19. Kxb2 Bxd5 20. Rxd5 Qb8+ 21. Ka1 Rc8) 18. Nc3 $2 {[%mdl 8192]} (18. Bxc4 $11 Rad8 19. Ne7+ (19. Qxa6 Qxa6 20. Ne7+ Kh8 $15) 19... Kh8 20. Nc6 (20. Qxa6 Qxa6 21. Bxa6 Ra8 $15) 20... Rxd6 21. Nxa5 Rxd1+ 22. Rxd1) 18... Nf5 (18... Rad8 $142 19. Qc6 Rxd1+ {[%mdl 64] Overworked Piece} 20. Nxd1 Qxa2) 19. Qd2 $2 (19. Qc6) 19... Rad8 $19 20. Qe1 Nge3 $2 (20... Nd4 {And now ...Nb3+! would win.} 21. Kb1 Bf5+ 22. Bd3 Bxd3+ 23. Rxd3 cxd3) 21. Rd2 $2 (21. Nf2 Nxd1 22. Nfxd1) 21... Nd5 $2 (21... Rxd2 22. Kxd2 Rd8+ 23. Kc1 Nd4) 22. Nxd5 $2 (22. Rxd5 Bxd5 23. Nf2) 22... Rxd5 (22... Qxa2 $142 {Strongly threatening ...Qa1+.} 23. Qe4 Bxd5) 23. Rd1 (23. Bxc4 $142 Rxd2 24. Qxd2 Qxd2+ 25. Kxd2 Bxc4 26. Rc1 Rd8+ 27. Ke1) 23... Qxa2 {Played: Rf8-d8} 0-1

[Event "NSV Open-ch Rapid 2019"]
[Site "Lueneburg"]
[Date "2019.08.03"]
[Round "4.20"]
[White "Serrer, David"]
[Black "Weidenhoefer, Max"]
[Result "1-0"]
[WhiteElo "1516"]
[BlackElo "1805"]
[Annotator "NA RC"]
[PlyCount "47"]
[EventDate "2019.08.03"]
[EventType "swiss"]
[EventCountry "GER"]
[SourceTitle "playchess.com"]
[Source "ChessBase"]
[SourceQuality "1"]
[TimeControl "600+5"]

1. c4 {[%emt 0:00:00]} c6 {[%emt 0:00:00]} 2. Nf3 {[%emt 0:00:01]} d5 {[%emt 0:00:00]} 3. e3 {[%emt 0:00:07]} Nf6 {[%emt 0:00:00]} 4. Nc3 {[%emt 0:00:04]} e6 {[%emt 0:00:26]} 5. d4 {[%emt 0:00:13]} Be7 {[%emt 0:00:02]} 6. Qc2 {[%emt 0:00:17]} Nbd7 {[%emt 0:00:13]} 7. Bd2 {[%emt 0:00:46]} dxc4 {[%emt 0:00:10]} 8. Bxc4 {[%emt 0:00:03]} Nb6 {[%emt 0:00:01]} 9. Bd3 {[%emt 0:00:14]} Nbd5 {[%emt 0:00:05]} 10. O-O {[%emt 0:00:03]} Nb4 {[%emt 0:00:03]} 11. Qb1 {[%emt 0:00:05]} Nxd3 {[%emt 0:00:05]} 12. Qxd3 {[%emt 0:00:03]} O-O {[%emt 0:00:03]} 13. Rfc1 {[%emt 0:00:06]} c5 {[%emt 0:00:02]} 14. Ne2 {[%emt 0:00:27]} cxd4 {[%emt 0:00:10]} 15. exd4 {[%emt 0:00:02]} Nd5 {[%emt 0:00:09]} 16. Ne5 {[%emt 0:00:04]} Bf6 {[%emt 0:00:10]} 17. Qg3 {[%emt 0:00:26]} Bxe5 {[%emt 0:00:16]} 18. Qxe5 {[%emt 0:00:07]} Nf6 {[%emt 0:00:12]} 19. Bg5 {[%emt 0:00:16]} b6 {[%emt 0:00:24]} 20. Rc7 {[%emt 0:00:17]} Ba6 {[%emt 0:00:22]} 21. Nf4 {[%emt 0:00:40]} Qb8 {[%emt 0:00:35]} 22. Bxf6 {[%emt 0:01:08]} gxf6 {[%emt 0:00:07]} 23. Qxf6 {[%emt 0:00:04]} Qxc7 {[%emt 0:00:18]} 24. Nh5 {[%emt 0:00:13]} 1-0

[Event "NSV Open-ch Rapid 2019"]
[Site "Lueneburg"]
[Date "2019.08.03"]
[Round "4.21"]
[White "Rothenberg, Jannik"]
[Black "Marzik, Arne"]
[Result "1/2-1/2"]
[WhiteElo "1859"]
[BlackElo "1366"]
[Annotator "NA RC"]
[PlyCount "94"]
[EventDate "2019.08.03"]
[EventType "swiss"]
[EventCountry "GER"]
[SourceTitle "playchess.com"]
[Source "ChessBase"]
[SourceQuality "1"]
[TimeControl "600+5"]

1. d4 {[%emt 0:00:00]} Nf6 {[%emt 0:00:00]} 2. c4 {[%emt 0:00:00]} e5 {[%emt 0:00:00]} 3. dxe5 {[%emt 0:00:03]} Ng4 {[%emt 0:00:00]} 4. Bf4 {[%emt 0:00:01]} Nc6 {[%emt 0:00:02]} 5. Nf3 {[%emt 0:00:01]} Bb4+ {[%emt 0:00:04]} 6. Nc3 {[%emt 0:00:02]} Qe7 {[%emt 0:00:05]} 7. Qd5 {[%emt 0:00:01]} Bxc3+ {[%emt 0:00:02]} 8. bxc3 {[%emt 0:00:02]} f6 {[%emt 0:00:03]} 9. exf6 {[%emt 0:00:05]} Nxf6 {[%emt 0:00:02]} 10. Qd3 {[%emt 0:00:08]} d6 {[%emt 0:00:04]} 11. e3 {[%emt 0:00:12]} O-O {[%emt 0:00:21]} 12. Be2 {[%emt 0:00:08]} b6 {[%emt 0:00:11]} 13. Nd4 {[%emt 0:00:33]} Ne5 {[%emt 0:00:59]} 14. Qd1 {[%emt 0:00:22]} Bb7 {[%emt 0:00:14]} 15. Nf3 {[%emt 0:00:50]} Rad8 {[%emt 0:01:04]} 16. O-O {[%emt 0:00:39]} Ne4 {[%emt 0:00:29]} 17. Qc2 {[%emt 0:00:16]} Nc5 {[%emt 0:00:19]} 18. a4 {[%emt 0:00:37]} Nxf3+ {[%emt 0:01:02]} 19. Bxf3 {[%emt 0:00:06]} Bxf3 {[%emt 0:00:03]} 20. gxf3 {[%emt 0:00:03]} a5 {[%emt 0:01:07]} 21. Kh1 {[%emt 0:00:05]} Qf7 {[%emt 0:00:35]} 22. Qe2 {[%emt 0:00:18]} Ne6 {[%emt 0:01:17]} 23. Bg3 {[%emt 0:00:32]} Qxf3+ {[%emt 0:00:48]} 24. Qxf3 {[%emt 0:00:01]} Rxf3 {[%emt 0:00:01]} 25. Rfd1 {[%emt 0:00:37]} Nc5 {[%emt 0:01:01]} 26. Rd4 {[%emt 0:00:07]} Rdf8 {[%emt 0:00:34]} 27. Kg2 {[%emt 0:00:01]} R3f5 {[%emt 0:00:18]} 28. h3 {[%emt 0:00:19]} Nb3 {[%emt 0:00:17]} 29. Rdd1 {[%emt 0:00:07]} Nxa1 {[%emt 0:00:02]} 30. Rxa1 {[%emt 0:00:01]} Rc5 {[%emt 0:00:03]} 31. Kf1 {[%emt 0:00:23]} Rxc4 {[%emt 0:00:02]} 32. Ra3 {[%emt 0:00:01]} Rf5 {[%emt 0:00:20]} 33. Ke2 {[%emt 0:00:03]} Rh5 {[%emt 0:00:13]} 34. Kd3 {[%emt 0:00:10]} Rcc5 {[%emt 0:00:08]} 35. h4 {[%emt 0:00:06]} g5 {[%emt 0:00:18]} 36. hxg5 {[%emt 0:00:04]} Rhxg5 {[%emt 0:00:03]} 37. Bf4 {[%emt 0:00:19]} Rg6 {[%emt 0:00:16]} 38. Ra1 {[%emt 0:00:04]} h5 {[%emt 0:00:03]} 39. Rh1 {[%emt 0:00:01]} Rg2 {[%emt 0:00:06]} 40. f3 {[%emt 0:00:04]} Ra2 {[%emt 0:00:06]} 41. Rg1+ {[%emt 0:00:05]} Kf7 {[%emt 0:00:06]} 42. Bh6 {[%emt 0:00:04]} Rxa4 {[%emt 0:00:23]} 43. Rg7+ {[%emt 0:00:01]} Ke6 {[%emt 0:00:01]} 44. Rg6+ {[%emt 0:00:20]} Kd7 {[%emt 0:00:13]} 45. Rg7+ {[%emt 0:00:02]} Ke6 {[%emt 0:00:01]} 46. Rg6+ {[%emt 0:00:01]} Kd7 {[%emt 0:00:02]} 47. Rg7+ {[%emt 0:00:01]} Ke6 {[%emt 0:00:27]} 1/2-1/2

[Event "NSV Open-ch Rapid 2019"]
[Site "Lueneburg"]
[Date "2019.08.03"]
[Round "4.22"]
[White "Harnack, Bernhard"]
[Black "Rempe, Jonas"]
[Result "0-1"]
[WhiteElo "1712"]
[BlackElo "1839"]
[Annotator "NA RC"]
[PlyCount "112"]
[EventDate "2019.08.03"]
[EventType "swiss"]
[EventCountry "GER"]
[SourceTitle "playchess.com"]
[Source "ChessBase"]
[SourceQuality "1"]
[TimeControl "600+5"]

1. e4 {[%emt 0:00:00]} e5 {[%emt 0:00:00]} 2. g3 {[%emt 0:00:00]} Nf6 {[%emt 0:00:01]} 3. Bg2 {[%emt 0:00:00]} Nc6 {[%emt 0:00:10]} 4. Ne2 {[%emt 0:00:11]} d5 {[%emt 0:00:08]} 5. exd5 {[%emt 0:00:08]} Nxd5 {[%emt 0:00:01]} 6. O-O {[%emt 0:00:03]} Be6 {[%emt 0:00:06]} 7. c3 {[%emt 0:00:22]} Qd7 {[%emt 0:00:04]} 8. d4 {[%emt 0:00:13]} O-O-O {[%emt 0:00:03]} 9. dxe5 {[%emt 0:00:36]} Nxe5 {[%emt 0:00:01]} 10. Bf4 {[%emt 0:00:27]} f6 {[%emt 0:01:00]} 11. Na3 {[%emt 0:00:23]} Bh3 {[%emt 0:00:09]} 12. Bxe5 {[%emt 0:00:24]} fxe5 {[%emt 0:00:04]} 13. Qb3 {[%emt 0:00:29]} Bxg2 {[%emt 0:00:18]} 14. Kxg2 {[%emt 0:00:02]} Qg4 {[%emt 0:00:02]} 15. Rae1 {[%emt 0:00:29]} Nf4+ {[%emt 0:00:57]} 16. Nxf4 {[%emt 0:00:16]} exf4 {[%emt 0:00:01]} 17. h3 {[%emt 0:00:20]} Qg5 {[%emt 0:00:45]} 18. Qe6+ {[%emt 0:00:29]} Kb8 {[%emt 0:00:05]} 19. Nc4 {[%emt 0:00:40]} fxg3 {[%emt 0:00:24]} 20. fxg3 {[%emt 0:00:03]} Bd6 {[%emt 0:00:03]} 21. Nxd6 {[%emt 0:00:16]} Rxd6 {[%emt 0:00:02]} 22. Qe3 {[%emt 0:01:39]} Rd2+ {[%emt 0:02:15]} 23. Rf2 {[%emt 0:00:12]} Qd5+ {[%emt 0:00:01]} 24. Kg1 {[%emt 0:00:21]} Rxf2 {[%emt 0:00:16]} 25. Qe8+ {[%emt 0:00:54]} Qd8 {[%emt 0:00:03]} 26. Qxd8+ {[%emt 0:00:01]} Rxd8 {[%emt 0:00:01]} 27. Kxf2 {[%emt 0:00:02]} b6 {[%emt 0:00:01]} 28. Re2 {[%emt 0:00:12]} Kb7 {[%emt 0:00:09]} 29. c4 {[%emt 0:00:05]} Kc6 {[%emt 0:00:11]} 30. b3 {[%emt 0:00:06]} Rd7 {[%emt 0:00:01]} 31. a3 {[%emt 0:00:33]} Kc5 {[%emt 0:00:04]} 32. Ke3 {[%emt 0:00:12]} Re7+ {[%emt 0:00:20]} 33. Kd3 {[%emt 0:00:04]} Rxe2 {[%emt 0:00:01]} 34. Kxe2 {[%emt 0:00:01]} Kd4 {[%emt 0:00:01]} 35. Kd2 {[%emt 0:00:03]} c5 {[%emt 0:00:01]} 36. g4 {[%emt 0:00:12]} g5 {[%emt 0:00:01]} 37. Kc2 {[%emt 0:00:17]} Ke3 {[%emt 0:00:02]} 38. b4 {[%emt 0:00:04]} Kf3 {[%emt 0:00:02]} 39. bxc5 {[%emt 0:00:52]} bxc5 {[%emt 0:00:01]} 40. Kd3 {[%emt 0:00:09]} a6 {[%emt 0:00:16]} 41. a4 {[%emt 0:00:15]} a5 {[%emt 0:00:00]} 42. Kd2 {[%emt 0:00:15]} Kg3 {[%emt 0:00:01]} 43. Ke3 {[%emt 0:00:09]} Kxh3 {[%emt 0:00:02]} 44. Ke4 {[%emt 0:00:04]} Kxg4 {[%emt 0:00:02]} 45. Kd5 {[%emt 0:00:01]} h5 {[%emt 0:00:01]} 46. Kxc5 {[%emt 0:00:02]} h4 {[%emt 0:00:01]} 47. Kd6 {[%emt 0:00:03]} h3 {[%emt 0:00:01]} 48. c5 {[%emt 0:00:01]} h2 {[%emt 0:00:01]} 49. c6 {[%emt 0:00:01]} h1=Q {[%emt 0:00:02]} 50. c7 {[%emt 0:00:08]} Qd1+ {[%emt 0:00:11]} 51. Ke7 {[%emt 0:00:01]} Qe2+ {[%emt 0:00:01]} 52. Kd8 {[%emt 0:00:02]} Qd3+ {[%emt 0:00:02]} 53. Ke7 {[%emt 0:00:02]} Qe4+ {[%emt 0:00:01]} 54. Kd8 {[%emt 0:00:02]} Qd4+ {[%emt 0:00:04]} 55. Ke7 {[%emt 0:00:02]} Qe5+ {[%emt 0:00:03]} 56. Kd8 {[%emt 0:00:04]} Qd6+ {[%emt 0:00:02]} 0-1

[Event "NSV Open-ch Rapid 2019"]
[Site "Lueneburg"]
[Date "2019.08.03"]
[Round "4.23"]
[White "Rick, Niklas Corvin"]
[Black "Doederlein, Etienne"]
[Result "1/2-1/2"]
[WhiteElo "1444"]
[BlackElo "1868"]
[Annotator "NA RC"]
[PlyCount "101"]
[EventDate "2019.08.03"]
[EventType "swiss"]
[EventCountry "GER"]
[SourceTitle "playchess.com"]
[Source "ChessBase"]
[SourceQuality "1"]
[TimeControl "600+5"]

1. d4 {[%emt 0:00:00]} e6 {[%emt 0:00:00]} 2. c4 {[%emt 0:00:00]} f5 {[%emt 0:00:03]} 3. Nf3 {[%emt 0:00:09]} Nf6 {[%emt 0:00:02]} 4. Bf4 {[%emt 0:00:12]} Be7 {[%emt 0:00:04]} 5. e3 {[%emt 0:00:02]} c6 {[%emt 0:00:02]} 6. Nc3 {[%emt 0:00:20]} d5 {[%emt 0:00:01]} 7. cxd5 {[%emt 0:00:07]} cxd5 {[%emt 0:00:02]} 8. Be2 {[%emt 0:00:12]} O-O {[%emt 0:00:04]} 9. O-O {[%emt 0:00:03]} Nc6 {[%emt 0:00:01]} 10. Rc1 {[%emt 0:00:20]} Ne4 {[%emt 0:00:02]} 11. Nb5 {[%emt 0:00:14]} a6 {[%emt 0:00:14]} 12. Nc7 {[%emt 0:00:06]} Ra7 {[%emt 0:00:06]} 13. Nd2 {[%emt 0:00:36]} g5 {[%emt 0:00:42]} 14. Be5 {[%emt 0:00:39]} Nd6 {[%emt 0:00:49]} 15. Nxa6 {[%emt 0:00:23]} Nxe5 {[%emt 0:00:34]} 16. dxe5 {[%emt 0:00:05]} Nc4 {[%emt 0:00:19]} 17. Nxc4 {[%emt 0:00:18]} dxc4 {[%emt 0:00:07]} 18. Qxd8 {[%emt 0:00:14]} Rxd8 {[%emt 0:00:08]} 19. Bxc4 {[%emt 0:00:02]} bxa6 {[%emt 0:00:06]} 20. f4 {[%emt 0:00:35]} g4 {[%emt 0:00:07]} 21. h3 {[%emt 0:00:14]} h5 {[%emt 0:00:07]} 22. hxg4 {[%emt 0:00:06]} hxg4 {[%emt 0:00:01]} 23. Kf2 {[%emt 0:00:02]} Rd2+ {[%emt 0:00:17]} 24. Kg3 {[%emt 0:00:02]} Kg7 {[%emt 0:01:44]} 25. Bb3 {[%emt 0:00:08]} Bb7 {[%emt 0:00:20]} 26. Rf2 {[%emt 0:00:32]} Rxf2 27. Kxf2 {[%emt 0:00:01]} Bd5 {[%emt 0:01:21]} 28. Bxd5 {[%emt 0:00:03]} exd5 {[%emt 0:00:00]} 29. Rc6 {[%emt 0:00:12]} a5 {[%emt 0:00:17]} 30. Ke2 {[%emt 0:00:12]} Rb7 {[%emt 0:00:11]} 31. b3 {[%emt 0:00:02]} a4 {[%emt 0:00:28]} 32. Rc3 {[%emt 0:00:27]} axb3 {[%emt 0:00:06]} 33. Rxb3 {[%emt 0:00:01]} Ra7 {[%emt 0:00:13]} 34. Rb2 {[%emt 0:00:11]} Kf7 {[%emt 0:00:27]} 35. Kd3 {[%emt 0:00:10]} Bc5 {[%emt 0:00:12]} 36. Rb5 {[%emt 0:00:39]} Ra3+ {[%emt 0:00:01]} 37. Kc2 {[%emt 0:00:12]} Rxa2+ {[%emt 0:00:26]} 38. Kb3 {[%emt 0:00:01]} Ra3+ {[%emt 0:00:18]} 39. Kb2 {[%emt 0:00:08]} Rxe3 {[%emt 0:00:25]} 40. Rxc5 {[%emt 0:00:06]} Re2+ {[%emt 0:00:01]} 41. Rc2 {[%emt 0:00:01]} Re4 {[%emt 0:00:08]} 42. Rd2 {[%emt 0:00:07]} Ke6 {[%emt 0:00:01]} 43. g3 {[%emt 0:00:07]} Re3 {[%emt 0:00:03]} 44. Rg2 {[%emt 0:00:04]} d4 {[%emt 0:00:06]} 45. Kc2 {[%emt 0:00:03]} Kd5 {[%emt 0:00:01]} 46. Kd2 {[%emt 0:00:01]} Ra3 {[%emt 0:00:01]} 47. Rg1 {[%emt 0:00:22]} Ra2+ {[%emt 0:00:28]} 48. Kd3 {[%emt 0:00:01]} Ra3+ {[%emt 0:00:01]} 49. Kd2 {[%emt 0:00:01]} Rxg3 {[%emt 0:02:48]} 50. Re1 Re3 {[%emt 0:00:05]} 51. e6 1/2-1/2